000 00727namaa22001691 4500
001 173890
003 ES-MaACL
005 20240515063130.0
008 100128s1837 sp |||| | spa d
040 _aSpMaBN
_bspa
_cA2
100 1 _aEscosura, Patricio de la,
_d1807-1878
_947617
245 1 0 _aBárbara Blomberg
_b: drama en cuatro actos, en verso /
_cpor Patricio de la Escosura.
260 _aMadrid :
_b[s.n.],
_c1837 (
_fImp. de los Hijos de Catalina Piñuela)
300 _a75 p. ;
_c17 cm.
852 _aES-MaACL
_jF-8625(9)
_z.- Enc. pasta española
_q.- Falto de la cub. original
_z.- Enc. en un vol. facticio formando parte de la col. facticia "Teatro español moderno", vol. 80
999 _c173890
_d173890